000 00553nam a2200205Ia 4500
005 20250923144840.0
008 008 250917s9999 xx 000 0 eng d
037 _aTextual
040 _aDSWL
_beng
_cDSWL
041 _aeng
_2eng
084 _aR4, J6
_qDSWL
100 _aJorgensen, Carl
_9829045
245 0 _aTwo commandments
_cby Carl Jorgensen
260 _aCopan Hagen
_bHagenEjnar Commandments
300 _a254p.
365 _aINR
_b14.50
925 _g14.50
942 _cTEXL
_hR4, J6
999 _c1444128
_d1444128